5HLuxD.jpg

KING HENRY VIII SENIOR AND PRIMARY SCHOOL LIBRARY OPAC

The color thief : (Record no. 4296)

000 -LEADER
fixed length control field 00848cam a2200277 a 4500
001 - CONTROL NUMBER
control field 1123000
003 - CONTROL NUMBER IDENTIFIER
control field OSt
005 - DATE AND TIME OF LATEST TRANSACTION
control field 20250205125506.0
008 - FIXED-LENGTH DATA ELEMENTS--GENERAL INFORMATION
fixed length control field 231002s2014 enka b 000 1 eng d
020 ## - INTERNATIONAL STANDARD BOOK NUMBER
International Standard Book Number 9780750280532
Qualifying information (pbk.)
020 ## - INTERNATIONAL STANDARD BOOK NUMBER
Canceled/invalid ISBN 9780750280549
Qualifying information (ebook)
040 ## - CATALOGING SOURCE
Original cataloging agency KB
Transcribing agency KB
Modifying agency PTTCL
042 ## - AUTHENTICATION CODE
Authentication code nbic
050 #4 - LIBRARY OF CONGRESS CALL NUMBER
Classification number PZ7.1.P448
Item number Co 2014
082 0# - DEWEY DECIMAL CLASSIFICATION NUMBER
Classification number 823.914
Item number .P481
100 1# - MAIN ENTRY--PERSONAL NAME
Personal name Peters, Andrew
Fuller form of name (Andrew Fusek)
240 10 - UNIFORM TITLE
Uniform title Colour thief.
245 14 - TITLE STATEMENT
Title The color thief :
Remainder of title a family's story of depression /
Statement of responsibility, etc. Andrew Fusek Peters & Polly Peters ; illustrated by Karin Littlewood.
260 ## - PUBLICATION, DISTRIBUTION, ETC.
Place of publication, distribution, etc. London :
Name of publisher, distributor, etc. Wayland,
Date of publication, distribution, etc. 2014.
300 ## - PHYSICAL DESCRIPTION
Extent 1 v. (unpaged) :
Other physical details col. ill. ;
Dimensions 28 cm.
650 #1 - SUBJECT ADDED ENTRY--TOPICAL TERM
Topical term or geographic name entry element Depression, Mental
Form subdivision Fiction.
650 #1 - SUBJECT ADDED ENTRY--TOPICAL TERM
Topical term or geographic name entry element Fathers
Form subdivision Fiction.
700 1# - ADDED ENTRY--PERSONAL NAME
Personal name Peters, Polly.
700 1# - ADDED ENTRY--PERSONAL NAME
Personal name Littlewood, Karin.
942 ## - ADDED ENTRY ELEMENTS (KOHA)
Source of classification or shelving scheme
Koha item type Books - Fiction
Holdings
Withdrawn status Lost status Source of classification or shelving scheme Damaged status Not for loan Permanent Location Current Location Shelving location Date acquired Full call number Barcode Date last seen Price effective from Koha item type Public note
          KH8 Primary School Library KH8 Primary School Library Reference 2025-02-05 823.914 PET 3KHPL000001123 2025-12-05 2025-02-05 Books - Fiction KH8 PRIMARY LIBRARY

Powered By KH8 IT Dept